Najbardziej wartościowi wychowankowie kiedykolwiek barcelony - Statystyki

Ogólne statystyki
  • Ten quiz został rozwiązany 41 razy
  • Średni wynik to 4 z 10
Statystyki odpowiedzi
narodowość najwyższa wartość Odpowiedź % Poprawnych
Hiszpania 90mln Gavi
94%
Hiszpania 50mln Lamine Yamal
76%
Urugwaj 70mln Ronald Araujo
55%
Hiszpania 50mln Alejandro Balde
48%
Hiszpania 80mln Ansu Fati
48%
Hiszpania 80mln Sergio Busquets
33%
Kamerun 45mln Andre Onana
27%
Hiszpania 60mln Sergi Roberto
15%
Hiszpania 55mln Marc Cucurella
9%
Hiszpania 70mln Thiago Alcantara
6%
Nie znaleziono quizów pasujących do podanych kryteriów
Rozkład punktacji
Procent ludzi z każdym wynikiem
Percentyl według liczby udzielonych odpowiedzi
Twoja historia wyników
Nie rozwiązałeś tego quizu